<?xml version="1.0" encoding="UTF-8"?><?xml-stylesheet type="text/xsl" href="static/style.xsl"?><OAI-PMH xmlns="http://www.openarchives.org/OAI/2.0/" xmlns:xsi="http://www.w3.org/2001/XMLSchema-instance" xsi:schemaLocation="http://www.openarchives.org/OAI/2.0/ http://www.openarchives.org/OAI/2.0/OAI-PMH.xsd"><responseDate>2026-04-13T05:04:01Z</responseDate><request verb="GetRecord" identifier="oai:www.recercat.cat:11351/10950" metadataPrefix="marc">https://recercat.cat/oai/request</request><GetRecord><record><header><identifier>oai:recercat.cat:11351/10950</identifier><datestamp>2025-10-24T10:17:35Z</datestamp><setSpec>com_2072_378070</setSpec><setSpec>com_2072_378040</setSpec><setSpec>col_2072_378092</setSpec></header><metadata><record xmlns="http://www.loc.gov/MARC21/slim" xmlns:dcterms="http://purl.org/dc/terms/" xmlns:xsi="http://www.w3.org/2001/XMLSchema-instance" xmlns:doc="http://www.lyncode.com/xoai" xsi:schemaLocation="http://www.loc.gov/MARC21/slim http://www.loc.gov/standards/marcxml/schema/MARC21slim.xsd">
   <leader>00925njm 22002777a 4500</leader>
   <datafield ind2=" " ind1=" " tag="042">
      <subfield code="a">dc</subfield>
   </datafield>
   <datafield ind2=" " ind1=" " tag="720">
      <subfield code="a">Sobas, Marta</subfield>
      <subfield code="e">author</subfield>
   </datafield>
   <datafield ind2=" " ind1=" " tag="720">
      <subfield code="a">Knopinska-Posluszny, Wanda</subfield>
      <subfield code="e">author</subfield>
   </datafield>
   <datafield ind2=" " ind1=" " tag="720">
      <subfield code="a">Piatkowska-Jakubas, Beata</subfield>
      <subfield code="e">author</subfield>
   </datafield>
   <datafield ind2=" " ind1=" " tag="720">
      <subfield code="a">García-Álvarez, Flor</subfield>
      <subfield code="e">author</subfield>
   </datafield>
   <datafield ind2=" " ind1=" " tag="720">
      <subfield code="a">Díez, María Elena Amutio</subfield>
      <subfield code="e">author</subfield>
   </datafield>
   <datafield ind2=" " ind1=" " tag="720">
      <subfield code="a">Caballero, Mar</subfield>
      <subfield code="e">author</subfield>
   </datafield>
   <datafield ind2=" " ind1=" " tag="720">
      <subfield code="a">Salamero, Olga</subfield>
      <subfield code="e">author</subfield>
   </datafield>
   <datafield ind2=" " ind1=" " tag="260">
      <subfield code="c">2024-02-01T11:33:13Z</subfield>
   </datafield>
   <datafield ind2=" " ind1=" " tag="260">
      <subfield code="c">2024-02-01T11:33:13Z</subfield>
   </datafield>
   <datafield ind2=" " ind1=" " tag="260">
      <subfield code="c">2024-02</subfield>
   </datafield>
   <datafield ind2=" " ind1=" " tag="520">
      <subfield code="a">Acute promyelocytic leukemia; Risk factors; Second neoplasms</subfield>
   </datafield>
   <datafield ind2=" " ind1=" " tag="520">
      <subfield code="a">Leucemia promielocítica aguda; Factores de riesgo; Segundas neoplasias</subfield>
   </datafield>
   <datafield ind2=" " ind1=" " tag="520">
      <subfield code="a">Leucèmia promielocítica aguda; Factors de risc; Segones neoplàsies</subfield>
   </datafield>
   <datafield ind2=" " ind1=" " tag="520">
      <subfield code="a">The most important challenges in acute promyelocytic leukemia (APL) is preventing early death and reducing long-term events, such as second neoplasms (s-NPLs). We performed a retrospective analysis of 2670 unselected APL patients, treated with PETHEMA “chemotherapy based” and “chemotherapy free” protocols. Only de novo APL patients who achieved complete remission (CR) and completed the three consolidation cycles were enrolled into the analysis. Out of 2670 APL patients, there were 118 (4.4%) who developed s-NPLs with the median latency period (between first CR and diagnosis of s-NPL) of 48.0 months (range 2.8–231.1): 43.3 (range: 2.8–113.9) for s-MDS/AML and 61.7 (range: 7.1–231.1) for solid tumour. The 5-year CI of all s-NPLs was of 4.43% and 10 years of 7.92%. Among s-NPLs, there were 58 cases of s-MDS/AML, 3 cases of other hematological neoplasms, 57 solid tumours and 1 non-identified neoplasm. The most frequent solid tumour was colorectal, lung and breast cancer. Overall, the 2-year OS from diagnosis of s-NPLs was 40.6%, with a median OS of 11.1 months. Multivariate analysis identified age of 35 years (hazard ratio = 0.2584; p &lt; 0.0001) as an independent prognostic factor for s-NPLs. There were no significant differences in CI of s-NPLs at 5 years between chemotherapy-based vs chemotherapy-free regimens (hazard ratio = 1.09; p = 0.932). Larger series with longer follow-up are required to confirm the potential impact of ATO+ATRA regimens to reduce the incidence of s-NPLs after front-line therapy for APL.</subfield>
   </datafield>
   <datafield ind2=" " ind1=" " tag="520">
      <subfield code="a">This work was partially financed with FEDER funds (CIBERONC (CB16/12/00284)) and with Instituto de Investigación Sanitaria La Fe funds (2016/0158).</subfield>
   </datafield>
   <datafield ind1="8" ind2=" " tag="024">
      <subfield code="a">http://hdl.handle.net/11351/10950</subfield>
   </datafield>
   <datafield tag="653" ind2=" " ind1=" ">
      <subfield code="a">Leucèmia mieloide aguda - Tractament</subfield>
   </datafield>
   <datafield tag="653" ind2=" " ind1=" ">
      <subfield code="a">Leucèmia mieloide aguda - Factors de risc</subfield>
   </datafield>
   <datafield tag="653" ind2=" " ind1=" ">
      <subfield code="a">DISEASES::Neoplasms::Neoplasms by Histologic Type::Leukemia::Leukemia, Myeloid::Leukemia, Myeloid, Acute::Leukemia, Promyelocytic, Acute</subfield>
   </datafield>
   <datafield tag="653" ind2=" " ind1=" ">
      <subfield code="a">Other subheadings::Other subheadings::Other subheadings::/drug therapy</subfield>
   </datafield>
   <datafield tag="653" ind2=" " ind1=" ">
      <subfield code="a">ANALYTICAL, DIAGNOSTIC AND THERAPEUTIC TECHNIQUES, AND EQUIPMENT::Investigative Techniques::Epidemiologic Methods::Statistics as Topic::Probability::Risk::Risk Factors</subfield>
   </datafield>
   <datafield tag="653" ind2=" " ind1=" ">
      <subfield code="a">ENFERMEDADES::neoplasias::neoplasias por tipo histológico::leucemia::leucemia mieloide::leucemia mieloide aguda::leucemia promielocítica aguda</subfield>
   </datafield>
   <datafield tag="653" ind2=" " ind1=" ">
      <subfield code="a">Otros calificadores::Otros calificadores::Otros calificadores::/farmacoterapia</subfield>
   </datafield>
   <datafield tag="653" ind2=" " ind1=" ">
      <subfield code="a">TÉCNICAS Y EQUIPOS ANALÍTICOS, DIAGNÓSTICOS Y TERAPÉUTICOS::técnicas de investigación::métodos epidemiológicos::estadística como asunto::probabilidad::riesgo::factores de riesgo</subfield>
   </datafield>
   <datafield ind2="0" ind1="0" tag="245">
      <subfield code="a">Incidence, risk factors, and outcomes of second neoplasms in patients with acute promyelocytic leukemia: the PETHEMA-PALG experience</subfield>
   </datafield>
</record></metadata></record></GetRecord></OAI-PMH>